Toy Hall of Fame Quiz Stats

 Plays Quiz Updated Dec 31, 2019

     
Support Sporcle.
Go Orange.
Score 0/74 Timer 07:00
4 Plays Today
Created Toy % Correct
1959Barbie
86.4%
1949LEGO
78.2%
1924Lincoln Logs
60.1%
1934Monopoly
56.9%
1977Atari 2600 Game System
51.2%
c. 1475*Chess
49.8%
1971Uno
48.8%
1964G.I. Joe
48%
PrehistoricBall
47%
1968 Hot Wheels
44%
1817Bicycle
40.8%
1890sRubber Duck
40.7%
1958Hula Hoop
39.1%
1944Clue
36.9%
1953Matchbox Cars
36.8%
1974Rubik's cube
36.2%
c. 1100Checkers
35.8%
1693Alphabet Blocks
35.1%
1945Slinky
33.2%
1969Big Wheel
32.8%
1974Dungeons and Dragons
31.8%
NaturalStick
30%
1948Frisbee
27.1%
PrehistoricJacks
25.4%
1959Etch A Sketch
24.9%
1913Erector Set
24.8%
c.1970Jenga
24.5%
1929Duncan Yo-Yo
24.5%
1600sJump Rope
24.5%
1956Play-Doh
24.1%
PrehistoricChalk/Sidewalk Chalk
24.1%
1947Tonka Trucks
23.5%
1915Raggedy Ann & Andy
21.7%
1930Radio Flyer Wagon
21.2%
c. 1760Pinball
21.2%
c. 1400s B.C.Swing
21.1%
1902Teddy Bear
20.9%
Created Toy % Correct
1903Crayola Crayons
20.8%
1914Tinkertoy
20.7%
1966Twister
20.4%
1989Nintendo GameBoy
20.3%
1993Magic: The Gathering
19.6%
PrehistoricMarbles
19.6%
1949Candy Land
19.3%
1948Scrabble
18.4%
1952Mr. Potato Head
16.8%
1930sSkateboard
16.8%
1863Roller Skates
16.5%
1990Super Soaker
15.9%
Mid-1800sBaby Doll
15.6%
c.1300sDominoes
15.4%
1902Coloring Book
14.8%
200 B.C.Kite
12.8%
1949Silly Putty
12.8%
1600s Dollhouse
11.9%
1968Baby Nancy
10.8%
1950Magic 8 Ball
10.7%
1963Easy-Bake Oven
10.5%
1978Star Wars Action Figures
10.1%
1817Cardboard Box
9.8%
c. 1500sBubbles
9.7%
c. 1930**Paper Airplane
9.5%
1960The Game of Life
9.5%
1953Wiffle Ball
9.2%
1938Little Green Army Men
8.4%
1900Lionel Trains
8.4%
4000 B.C.Puppet
8.2%
c. 800sPlaying cards
8.1%
Prehistoric Blanket
7.7%
c.1760Jigsaw Puzzle
7.7%
1959Little People
6.3%
1500sRocking Horse
5.8%
1400sJack-in-the-Box
5.3%
1939View-Master
2.7%

From the Vault

Test Your Reflexes IV

by Bolafssonify

Fourth time is a charm.
Remove Ads.
Support Sporcle.
Get the best of Sporcle when you Go Orange. This ad-free experience offers more features, more stats, and more fun while also helping to support Sporcle. Thank you for becoming a member.

Show Comments

Extras

Top Quizzes Today


Score Distribution

Your Account Isn't Verified!

In order to create a playlist on Sporcle, you need to verify the email address you used during registration. Go to your Sporcle Settings to finish the process.

Report this User

Report this user for behavior that violates our Community Guidelines.

Details: